ISRN nanotechnology

Detalles Bibliográficos
Autor Corporativo: International Scholarly Research Network
Formato: Electrónico Revista
Lenguaje:inglés
Publicado: Cairo, Egypt : Hindawi Publishing Corporation, [2011-2014]
Materias:
Acceso en línea:Full text available from Research Library: 01/01/2011 to 01/31/2014

MARC

LEADER 00000nas a2200000 i 4500
001 ssj0000694665
003 WaSeSS
005 20200512172242.0
006 m d
007 cr n
008 111206d20112014ua ar p s 0 a0eng c
010 |a  2012233073 
016 7 |a 019368864  |2 Uk 
022 |a 2090-6072 
035 |a (WaSeSS)ssj0000694665 
040 |a FQM  |b eng  |c FQM  |d GUA  |d AU@  |d OCLCO  |d OCLCQ  |d OCLCO  |d CUS  |d OCLCF  |d CUS  |d OCLCO  |d OCLCQ  |d OCLCO  |d CRU  |d U3W  |d OCLCO  |d WYU  |d OCLCO  |d OCLCA  |d UKMGB  |d WaSeSS 
042 |a pcc 
050 1 4 |a T174.7 
060 4 |a INTERNET 
210 1 |a ISRN nanotechnol.  |b (Online) 
222 0 |a ISRN nanotechnology  |b (Online) 
245 0 0 |a ISRN nanotechnology  |h [electronic resource]. 
246 3 |a International Scholarly Research Network nanotechnology 
260 |a Cairo, Egypt :  |b Hindawi Publishing Corporation,  |c [2011-2014] 
310 |a Annual 
362 1 |a Began with Volume 2011; ceased on July 1, 2014. 
506 |a License restrictions may limit access. 
515 |a Articles added consecutively to each annual volume. 
580 |a Merged with other individual subject-based journals of the ISRN series to form International Scholarly Research Notices in mid 2014. 
588 |a Description based on: Volume 2012, Article ID 639714; title from PDF caption (publisher's Web site, viewed September 16, 2014). 
588 |a Latest issue consulted: Volume 2014, Article ID 326747 (viewed September 16, 2014). 
650 0 |a Nanotechnology  |v Periodicals. 
650 2 |a Nanotechnology. 
650 7 |a Nanotechnology.  |2 fast  |0 (OCoLC)fst01032639 
655 0 |a Electronic journals. 
710 2 |a International Scholarly Research Network. 
776 0 8 |i Print version:  |t ISRN nanotechnology  |x 2090-6064 
856 4 0 |z Full text available from Research Library: 01/01/2011 to 01/31/2014  |u https://search.proquest.com/publication/686335